Cimas de Málaga y algunas otras béticas / (Record no. 39311)

MARC details
000 -LEADER
campo de control de longitud fija 00602nam a2200193 i 4500
001 - NÚMERO DE CONTROL
campo de control 39311
003 - IDENTIFICADOR DE NÚMERO DE CONTROL
campo de control ES-MaACL
005 - FECHA Y HORA DE LA ÚLTIMA TRANSACCIÓN
campo de control 20230906155937.0
007 - CAMPO FIJO DE DESCRIPCIÓN FÍSICA--INFORMACIÓN GENERAL
campo de control de longitud fija t|
008 - DATOS DE LONGITUD FIJA--INFORMACIÓN GENERAL
campo de control de longitud fija 030227s1950 sp ||||1| spa d
080 ## - NÚMERO DE LA CLASIFICACIÓN DECIMAL UNIVERSAL
Número de la Clasificación Decimal Universal 86-14"19"
100 1# - ENTRADA PRINCIPAL--NOMBRE DE PERSONA
Nombre de persona Cambronero, Luis.
9 (RLIN) 34049
245 10 - MENCIÓN DEL TÍTULO
Título Cimas de Málaga y algunas otras béticas /
Mención de responsabilidad, etc. Luis Cambronero ; prólogo de Armando Cotarelo Vallador.
260 ## - PUBLICACIÓN, DISTRIBUCIÓN, ETC.
Lugar de publicación, distribución, etc. Madrid :
Nombre del editor, distribuidor, etc. [s.n.,
Fecha de publicación, distribución, etc. 1950] (
Fabricante Imp. Murillo)
300 ## - DESCRIPCIÓN FÍSICA
Extensión 266 p. ;
Dimensiones 21 cm.
700 1# - ENTRADA AGREGADA--NOMBRE PERSONAL
Nombre de persona Cotarelo Valledor, Armando,
Fechas asociadas al nombre 1879-1950
9 (RLIN) 41167
852 4# - LOCALIZACIÓN
Ubicación ES-MaACL
Número de control de estantería C-14044
Holdings
Estatus retirado Estado de pérdida Estado de daño No para préstamo Biblioteca de origen Biblioteca actual Ubicación en estantería Fecha de adquisición Fuente de adquisición Total de préstamos Signatura topográfica completa Código de barras Visto por última vez Precio de reemplazo Tipo de ítem Koha
        Biblioteca del Ateneo de Madrid Biblioteca del Ateneo de Madrid Sala Palomar 17/01/2008     C-14044 1041399 23/02/2023 23/02/2023 Libro impreso